006020000a2200145000450024501920000065000100019265000260020265000210022865000300024965100220027904100130030170000190031410000280033377300950036110aAnálisis filogenético de 21 poblaciones latinoamericanas de gatos, mediante 10 loci morfológicos, utilizando métodos de matrices de distancias genéticas y de máxima parsimonia14aGatos14aAnálisis genético14aHistoria natural14aColonización española 4pAmérica del Sur0 aInglés1 aAlvarez, Diana1 aRuíz García, Manuel1 tBoletín de la Real Sociedad Española de Historia Natural31252h3-4q139-164d1999g95